Para un siglo con cédula: (Record no. 1837)

MARC details
000 -LEADER
campo de control de longitud fija 00852nam a2200145 4500
008 - DATOS DE LONGITUD FIJA--INFORMACIÓN GENERAL
campo de control de longitud fija 861.728.6 Ch512p
020 ## - NÚMERO INTERNACIONAL ESTÁNDAR DEL LIBRO
Número Internacional Estándar del Libro 9789930966280
082 ## - NÚMERO DE LA CLASIFICACIÓN DECIMAL DEWEY
Número de clasificación 861.728.6
Número de ítem Ch512p
100 ## - ENTRADA PRINCIPAL--NOMBRE DE PERSONA
Nombre de persona Chaves, G.A. (edición)
9 (RLIN) 7150
245 ## - MENCIÓN DEL TÍTULO
Título Para un siglo con cédula:
Resto del título 18 años de poesía Perro Azul
260 ## - PUBLICACIÓN, DISTRIBUCIÓN, ETC.
Lugar de publicación, distribución, etc. San José, Costa Rica
Nombre del editor, distribuidor, etc. Ediciones Perro Azul
Fecha de publicación, distribución, etc. 2019
300 ## - DESCRIPCIÓN FÍSICA
Extensión 148 p.
Dimensiones 14 x 21 cm
505 ## - NOTA DE CONTENIDO CON FORMATO
Título Prólogo: DOS PERROS
Mención de responsabilidad Clara Astiasarán
Título 1. Para un siglo con cédula: Historia personal de Perro Azul
-- 2. Mínima prehistoria andariega (1999)
-- 3. sin palabras de otros / sin palabras mías (2000 - 2005)
-- 4. Variaciones en torno a la carpintería de las cosas (2006 - 2010)
-- 5. El oficio de alejarse: Los años en paréntesis (2011 - 2014)
-- 6. El perro que regresa (2015 - 2018)
650 ## - PUNTO DE ACCESO ADICIONAL DE MATERIA--TÉRMINO DE MATERIA
Subdivisión general literatura
-- poesía
-- Costa Rica
-- poesía costarricense s. XXI
9 (RLIN) 7151
Holdings
Estatus retirado Estado de pérdida Fuente del sistema de clasificación o colocación Estado de daño No para préstamo Biblioteca de origen Biblioteca actual Ubicación en estantería Fecha de adquisición Total de préstamos Signatura topográfica completa Código de barras Visto por última vez Precio de reemplazo Tipo de ítem Koha
    Clasificación Decimal Dewey     Biblioteca LadoV Biblioteca LadoV   28/08/2019   861.728.6 Ch512p 004835 28/08/2019 28/08/2019 Material 01